La representación imaginaria, los datos sensibles y los juegos de la memoria : los desafíos de campo en una etnografía sonora /

Este trabajo trata sobre los resultados de una investigación antropológica desarrollada al interior del Banco de Imágenes y Efectos Visuales, sobre la producción de colecciones etnográficas sonoras, como parte de la investigación de la memoria colectiva, de lo cotidiano, de las formas de sociabilida...

Full description

Bibliographic Details
Main Author: Carvalho da Rocha, Ana Luiza
Format: Libro
Language:English
Published: Santiago, Chile Universidad Academia de Humanismo Cristiano 2009
Subjects:
Online Access:Acceso electrónico al documento

MARC

LEADER 00000cam a2200000 a 4500
001 039448
003 UAHC_CL
005 20170803124353.0
008 030903b xx j 000 1 eng
020 |z 0718876X 
040 |a UAHC_CL  |c UAHC_CL  |d UAHC_CL 
100 1 |a Carvalho da Rocha, Ana Luiza 
245 1 3 |a La representación imaginaria, los datos sensibles y los juegos de la memoria :  |b los desafíos de campo en una etnografía sonora /  |c Ana Luiza Carvalho da Rocha. 
260 |b Universidad Academia de Humanismo Cristiano  |c 2009  |a Santiago, Chile 
300 |a p. 37-60 
500 |a En: Revista Chilena de Antropología Visual. No. 13 junio, 2009. pp. 37-60. ISSN 0718876X. 
520 |a Este trabajo trata sobre los resultados de una investigación antropológica desarrollada al interior del Banco de Imágenes y Efectos Visuales, sobre la producción de colecciones etnográficas sonoras, como parte de la investigación de la memoria colectiva, de lo cotidiano, de las formas de sociabilidad y de los itinerarios urbanos en las grandes metrópolis contemporáneas, en particular, en la ciudad de Porto Alegre 
650 4 |a Memoria colectiva 
650 4 |a ETNOGRAFIA 
650 4 |a IMAGENES 
856 |u http://www.antropologiavisual.cl/carvahlo_&_vedana.htm#2  |3 Acceso electrónico al documento  |y Acceso electrónico al documento 
900 |a REV. CHIL. ANTROPOL. VIS.-13/09 
942 |c BK 
999 |c 39448  |d 39448